Statistics for Letters of the Dhivehi Alphabet

Click here to take the quiz!

General Stats

  • This quiz has been taken 10 times
  • The average score is 17 of 24

Answer Stats

CharacterName% Correct
ހHaa
100%
މMeemu
100%
ތThaa
100%
ޔYaa
100%
އAlifu
75%
ބBaa
75%
ޑDaviyani
75%
ދDhaalu
75%
ކKaafu
75%
ލLaamu
75%
ޅLhaviyani
75%
ޕPaviyani
75%
ރRaa
75%
ށShaviyani
75%
ޓTaviyani
75%
ވVaavu
75%
ޒZaviyani
75%
ޗChaviyani
50%
ފFaafu
50%
ގGaafu
50%
ޏGnaviyani
50%
ޖJaviyani
50%
ނNoonu
50%
ސSeenu
50%

Score Distribution

Percentile by Number Answered

Percent of People with Each Score

Your Score History

You have not taken this quiz